00784cam a22002298a 450000500170000000800410001701000140005802000260007203500130009804000080011108200140011910000220013324500820015525000120023726000340024930000390028350000200032265000280034294200240037099900170039495201430041120091002115259.0091001s2011 nju 001 0 eng  aENG-95672 a9788120338289c595.00 aEN-79205 aDPL a621.3222 aHambley, Allan R. aElectrical engineering :bprinciples and applications /cby Allan R. Hambley. a3rd ed. aNew DelhibPHI Learningc2009 axv. 880p. c24 cm. (Pbk)e1 CD-Rom aIncludes index. aElectrical engineering. 2ddccENh621.3mHAM c33204d33204 00102ddc40718NFICaDBADbDBADd2009-12-18eDBAD / PUB g595.00l0o621.3 HAMpEN-79205r2009-12-18 00:00:00t1v595.00w2009-12-18yEN